Responses for Show #1413 - Wednesday, October 24, 1990

Contestants

[<< previous game]

David Rice, a substitute English and speech teacher from Clarendon Hills, Illinois

Sherri Krynski, an importer and writer from San Francisco, California

Mike Brecklin, a magazine editor from Peoria, Illinois (whose 1-day cash winnings total $12,401)

[next game >>]

Jeopardy! Round responses

NATIONAL LANDMARKS
DANCE
THE '50s
FAMOUS QUOTES
TV TRIVIA
"SOUTHERN"
    $100 4
Alcatraz

Mike
    $100 28
[The end-of-round signal sounds.]

the foxtrot

Mike
    $100 12
Eisenhower

Sherri
    $100 7
truth

David
    $100 1
(Sherri: What is Pee-wee's Playhouse?)

Sesame Street

SherriDavid
    $100 21
Southern Methodist University

Sherri
    $200 13
(Sherri: What is Ellis Island?)

the Statue of Liberty

MikeSherri
    $200 14
Puerto Rico

David
    $200 8
Helen of Troy

Sherri
    $200 2
Bill Bixby

Mike
    $200 22
(Alex: A minute to go in the round.)

Southern girls

David
    $300 11
Pikes Peak

Mike
    $300 15
the Old North Church

Sherri
    $300 16
time

Mike
    $300 3
Alien Nation

Sherri
    $300 23
the southern lights

David
    $400 10
the St. Louis Arch (Gateway Arch)

Sherri
    $400 25
the bossa nova

Triple Stumper
    $400 17
MacArthur

Sherri
    $400 19
Einstein

Mike
    $400 5
Teri Garr

Mike
    $400 27
the Southern Christian Leadership Conference

Mike
    $500 9
(Sherri: What is the East Wing of the White House?)

Blair House

Sherri
    $500 24
(Sherri: What's the Mashed Potato?)
...
(Alex: [*], Fred Astaire.)

the Continental

Sherri
Triple Stumper
    $500 18
the Van Allens

Mike
    $500 20
plagiarism

David
    $500 6
Miss Kitty

Mike
    $500 26
Terry Southern

Mike

Scores at the first commercial break (after clue 12):

Mike Sherri David
$1,500 $400 $200

Scores at the end of the Jeopardy! Round:

Mike Sherri David
$3,900 $500 $1,400

Double Jeopardy! Round responses

LITERARY CHARACTERS
FIRST LADIES
GEMS
GEOGRAPHY
ANCIENT WORLD
"NORTHERN"
    $200 3
red

Mike
    $200 18
Nancy Reagan

Sherri
    $200 14
emeralds

Sherri
    $200 1
Belgrade

Mike
    $200 24
Alexander the Great

David
    $200 2
(David: What is Northern Lights?)

Northern Dancer

David
Triple Stumper
    $400 4
the Bastille

Sherri
    $400 23
Jacqueline Kennedy

Mike
    $2,100 15
(Alex: Glen Campbell and "[*] Cowboy".)

a rhinestone

Sherri
    $400 5
Florida

Mike
    $400 8
(Sherri: What is the Outback?)

the Northern Territory

SherriDavid
    $600 6
Laurie

Sherri
    $600 20
Eleanor Roosevelt

Sherri
    $600 19
Japan

David
    $600 7
the Persian Gulf

Mike
    $600 11
the northern pike

Mike
    $800 10
Dracula

Mike
    $3,000 21
(Alex: We have less than a minute to go.)

(1 of) Grant (or John Tyler)

Sherri
    $800 27
[The end-of-round signal sounds.]

quartz

Triple Stumper
    $800 9
Easter Island

Sherri
    $800 12
[Alex calls for a break to make sure the displayed scores are correct]

a Northern Spy

David
    $1000 17
Charlotte Brontë

Mike
    $1000 22
Mrs. (Lou) Hoover

Sherri
    $1000 26
Michigan

Sherri
    $1000 16
balkan

Triple Stumper
    $1000 25
Daphnis and Chloe

Triple Stumper
    $1000 13
the Northern Crown

Triple Stumper

Scores at the end of the Double Jeopardy! Round:

Mike Sherri David
$8,100 $10,000 $3,200

[wagering suggestions for these scores]

Final Jeopardy! Round responses

SHAKESPEARE
(Alex: He [David] remembered who was king in 1603 when the King's Men, King's Players, came to be.)
...
(Alex: Let's go to the middle with Shirley, she was leading... Sherri, I'm sorry...)
DavidWho is James I?
$3,100
MikeWho is Henry VIII?
$8,100
SherriWho was Henry VIII?
$6,201
James I

Final scores:

Mike Sherri David
$0 $3,799 $6,300
3rd place: Novatel cellular telephone + NES with Family, Junior & Special editions of Jeopardy! & Wheel of Fortune + The Jeopardy! Book 2nd place: a trip on Delta to Bermuda & stay at Elbow Beach Hotel + The Jeopardy! Book New champion: $6,300

Game dynamics:

Coryat scores:

Mike Sherri David
$8,100 $6,600 $3,200
20 R,
0 W
17 R
(including 2 DDs),
5 W
(including 1 DD)
10 R,
1 W

Combined Coryat: $17,900

[game clues] [game scores] [suggest correction]

Game tape date: 1990-08-28
The J! Archive is created by fans, for fans. Scraping, republication, monetization, and malicious use prohibited; this site may use cookies and collect identifying information. See terms. The Jeopardy! game show and all elements thereof, including but not limited to copyright and trademark thereto, are the property of Jeopardy Productions, Inc. and are protected under law. This website is not affiliated with, sponsored by, or operated by Jeopardy Productions, Inc. Join the discussion at JBoard.tv.